LIBRARY & INFORMATION CENTRE, KCAET, TAVANUR

ONLINE PUBLIC ACCESS CATALOGUE (OPAC)

Critical Studies : vol-ll:Webster`s the duchess of malfi / (Record no. 12705)

MARC details
000 -LEADER
fixed length control field 00458cam a2200181ua 4500
041 ## - LANGUAGE CODE
Language code of text/sound track or separate title eng
082 ## - DEWEY DECIMAL CLASSIFICATION NUMBER
Classification number 828.09
Item number MUL/CR
100 ## - MAIN ENTRY--AUTHOR NAME
Personal name Mullik, B.R.
245 ## - TITLE STATEMENT
Title Critical Studies : vol-ll:Webster`s the duchess of malfi /
250 ## - EDITION STATEMENT
Edition statement 2 /
260 ## - PUBLICATION, DISTRIBUTION, ETC. (IMPRINT)
Place of publication New Delhi :
Name of publisher S.Chand and Co ,
Year of publication 1963.
300 ## - PHYSICAL DESCRIPTION
Number of Pages 60 ; .
942 ## - ADDED ENTRY ELEMENTS (KOHA)
Koha item type Books
Holdings
Withdrawn status Lost status Damaged status Home library Current library Date acquired Full call number Accession Number Koha item type
Withdrawn     KAUAET KAUAET 07/04/2012 828.09 10040 Books
free website counter